000
00295nam a22001217a 4500
003
SGT
082
_a
370
_b
SAC
100
_a
सचदेवा, डॉ. म. स.
245
_a
अधिगम एवं शिक्षण
260
_a
PUNJAB
_b
T.C.P.
_c
2016
300
_a
356
942
_2
ddc
_c
BK
999
_c
17165
_d
17165